[Event "Krefeld op"]
[Site "Krefeld"]
[Date "2023.08.05"]
[Round "7"]
[White "Aizbalts, Martin"]
[Black "Wartenberg, Alexander"]
[Result "0-1"]
[WhiteElo "1385"]
[BlackElo "1669"]
[PlyCount "56"]
[EventDate "2023.08.02"]
[EventType "swiss"]
[EventRounds "9"]
[EventCountry "GER"]
[SourceTitle "CBM 215 Extra"]
[Source "ChessBase"]
[SourceDate "2023.09.30"]
[SourceVersion "1"]
[SourceVersionDate "2023.09.30"]
[SourceQuality "1"]

1. e4 c5 2. Nf3 e6 3. d4 cxd4 4. Nxd4 Nf6 5. Nc3 Nc6 6. Be2 Bb4 7. Nxc6 bxc6 8. 0-0 Bxc3 9. bxc3 Nxe4 10. Qe1 0-0 11. Bd3 Nf6 12. Bg5 h6 13. Bh4 g6 14. Kh1 Kg7 15. Rb1 Qa5 16. Rb5 cxb5 17. Qe5 Qd8 18. Be4 d5 19. Bd3 a6 20. f4 Re8 21. h3 d4 22. Be4 Ra7 23. g4 Bb7 24. Bxb7 Rxb7 25. g5 Qd5+ 26. Qxd5 Nxd5 27. gxh6+ Kxh6 28. Bg5+ Kg7 0-1